| 000 | 01889nam0a2200349 4500 | ||
|---|---|---|---|
| 001 | RU\NLR\BIBL_A\012185285 | ||
| 005 | 20250623223052.0 | ||
| 035 | _a(NLR Aleph) 012185285 | ||
| 090 |
_a12290044 _c12290044 |
||
| 100 | _a20200124d1909 |||y0rusy50 ca | ||
| 101 | 0 | _arus | |
| 102 | _aRU | ||
| 105 | _ac|||z|||000zb | ||
| 181 | 0 |
_ai _baxxe |
|
| 182 | 0 | _an | |
| 200 | 1 |
_aПамяти Генриха Фердинандовича Гойера _e(сообщено в заседании 2 декабря 1908 г.) _f[соч.] П.И. Митрофанова |
|
| 203 |
_aТекст _bвизуальный _cнепосредственный |
||
| 210 |
_aВаршава _cТипография Варшавского военного округа _d1909 |
||
| 215 |
_a6 с., [1] л. портр. _d24 |
||
| 225 | 1 |
_aРаботы из Зоотомической лаборатории Варшавского университета _fпод ред. проф. П.И. Митрофанова _v37 |
|
| 316 |
_aЭкз. сплетен с 3-мя др. кн. в общ. переплет с загл.: Речи и статьи. На тит. л. и обл. общ. переплета также загл. сер. и содерж. _5NLR |
||
| 320 | _aБиблиогр. в тексте | ||
| 512 | 1 | _aРечи и статьи | |
| 600 | 1 |
_aГойер _bГ. Ф. _f1834 - 1907 _gГенрих Фердинандович _92438007 _3RU\NLR\AUTH\6601668578 |
|
| 686 | 3 | _aР.г(4П)5д Гойер | |
| 700 | 1 |
_7ca _8rus _aМитрофанов _bП.И. _cд-р зоологии _f1857-1920 _gПавел Ильич _9215016 _3RU\NLR\AUTH\770215072 |
|
| 702 | 1 |
_aГойер _bГ.Ф. _f1834-1907 _gГенрих Фердинандович _4570 |
|
| 852 |
_aNLR _j38.36.5.45(37-1) |
||
| 942 | _cBOOK | ||
| 980 | _aNB | ||